000 01358cam a2200397 4500
003 PE-LiUPU
005 20250731183428.0
008 221025b |||||||| |||| 00| 0 eng d
020 _a8493467200
035 _a(Sirsi) i9788493467203
035 _a(Sirsi) 45477
035 _a(Sirsi) 45477
040 _cPE-LiUPU
041 _aes
044 _aes
082 0 4 _a721.044 8
_bB19
245 0 0 _aBamboo Lab :
_bel viatge de la princesa = el viaje de la princesa /
_cBamboo Lab.
264 1 _a[Felanitx] :
_bEl Far,
_c2005
300 _a247 páginas :
_bilustraciones ;
_c16 cm.
500 _aTextos en catalán, castellano e inglés
504 _aIncluye bibliografía
505 0 _a¿Dónde está la primcesa? -- La primcesa -- Hablamos de la primcesa -- Bamboo lab manifesto -- Tocamdo a la princesa -- La primcesa se queda -- La primcesa se queda -- La primcesa sigue viajamdo.
526 _aP158
526 _aP146
526 _aP17
526 _aP12
526 _aP06
650 1 4 _aConstrucción en Bambú.
710 _aBamboo Lab
910 _agl
942 _2ddc
_cBOOK
949 _a721.044 8 B19
_i63037
_lCCODEBUL1
_mBUL
_tLIBRO
_o.STAFF. Colección General
999 _c52053
_d52053
980 _81
_gALBERTO SANCHEZ Responsable de Automatización